| 000 | 00682cam a2200205 a 4500 | ||
|---|---|---|---|
| 001 | 000018884 | ||
| 005 | 20200929165857.0 | ||
| 008 | 750916s1967 pr 000 0 spa d | ||
| 040 |
_aDO-SdBNP _cNNR _dOCoLC _dDLC _dBNPHU |
||
| 082 |
_annnn _bC212p, 1967 |
||
| 100 | 1 |
_aCanales, Nemesio R., _940662 |
|
| 245 | 1 | 0 |
_aPaliques, / _cNemesio R. Canales ; edición de Emilio M. Colón ; Prólogo de Antonio J. Colorado. |
| 250 | _a4a ed. | ||
| 260 |
_aSan Juan Puerto Rico : _bCoquí, _c1967. |
||
| 300 |
_a257 p. : _bil. ; _c22 cm. |
||
| 700 | 1 |
_aColón, Emilio M., _eed. _94082 |
|
| 700 | 1 |
_aColorado, Antonio J., _epról. _940663 |
|
| 910 | _aCatalogación derivada / LC | ||
| 049 | _aBNGR | ||
| 999 |
_c18402 _d18402 |
||